000 01393cam a22003373a 4500
001 886
005 20231124151232.0
020 _a9780439446174
020 _a078073004508
040 _aLAL
_cLAL
_dOCLCQ
_dLEO
_dXY4
_dOCL
_dTCA
_dBAKER
_dDLC
_beng
050 0 0 _aPZ7.B140398
082 _a813
100 1 _aBaglio, Ben M.
245 1 0 _aBeyond the sunrise /
_cBen M. Baglio ; illustrations by Judith Lawton.
250 _aFirst Scholastic printing, April 2003
260 _aNew York ;
_bScholastic,
_c2003.
300 _a151 pages. :
_billustrations. ;
_c20 cm.
490 _aDolphin Diaries
500 _a"An Apple Paperback."
505 _aR
520 _aThe McGraths have arrived in Sundarbans Delta, at the mouth of the great Ganges River. There, Jody hopes to see the rare and unusual Irrawaddy dolphins. Her wish comes true when at last she spots one, whom she names Sandhi. but her world is turned upside down when she learns there are poachers around, and Sandhi is missing. Does Sandhi have a secret hiding place, or has she been caught. -- back cover.
521 _a740
_bLexile
521 _aR
_bRaz-Plus
650 0 _aDolphins
_vFiction.
650 0 _aPoachers
_vFiction.
650 1 _aDolphins
_vFiction.
650 1 _aPoachers
_vFiction.
700 1 _aLawton, Judith
_eillustrator
906 _a7
_bcbc
_ccopycat
_d3
_encip
_f20
_gy-gencatlg
942 _2ddc
_cBK
_n0
999 _c886
_d886